000
00310nam a22001337a 4500
008
171103b xxu||||| |||| 00| 0 eng d
020
_a
0881730378
041
_a
eng
080
_a
33
100
_a
60
101
_a
BUS
245
_a
STRATEGIC MARKETING FOR ELECTRIC UTILITIES
_c
GELLINGS,C.W
942
_2
udc
_c
BK
999
_c
37434
_d
37434